Premier League players 2007/08 - Statistics

General Stats
  • This quiz has been taken 5 times
  • The average score is 196 of 532
Answer Stats
Rank Player Positions Nationality Matches Goals Assists Clubs % Correct
207 Anderson MF 24 0 0
100%
417 Andy Cole FW 7 0 0
100%
168 Ashley Cole DF 27 1 1
100%
97 Carlton Cole FW 31 4 7
100%
52 Cristiano Ronaldo MF, FW 34 31 6
100%
274 Didier Drogba FW 19 8 6
100%
133 Edwin van der Sar GK 29 0 0
100%
74 Fernando Torres FW 33 24 4
100%
210 Frank Lampard MF 24 10 8
100%
76 Joe Cole MF 33 7 5
100%
526 Russell Anderson DF 1 0 0
100%
183 Wayne Rooney MF, FW 27 12 9
100%
197 Anton Ferdinand DF 25 2 0
80%
508 Brad Jones GK 1 0 0
80%
84 Cesc Fàbregas MF, FW 32 7 17
80%
314 Darren Fletcher MF 16 0 2
80%
40 David James GK 35 0 0
80%
343 David Jones MF 14 1 0
80%
30 Dimitar Berbatov FW 36 15 9
80%
511 Fraizer Campbell FW 1 0 0
80%
200 Freddie Ljungberg MF, FW 25 2 3
80%
135 James Milner DF, MF 29 2 2
80%
41 Jamie Carragher DF, MF 35 0 2
80%
139 John Arne Riise DF, MF 29 0 3
80%
89 John Carew FW 32 13 1
80%
140 John Obi Mikel MF 29 0 0
80%
227 John Terry DF 23 1 1
80%
77 Kenwyne Jones FW 33 7 6
80%
123 Kolo Touré DF 30 2 2
80%
109 Michael Carrick MF 31 2 2
80%
176 Michael Dawson DF 27 1 0
80%
145 Michael Owen FW 29 11 0
80%
19 Morten Gamst Pedersen MF, FW 37 4 1
80%
192 Nani MF, FW 26 3 9
80%
91 Nemanja Vidić DF 32 1 1
80%
92 Nicolas Anelka FW 32 11 4
80%
216 Paul Scholes MF 24 1 4
80%
8 Pepe Reina GK 38 0 1
80%
524 Ricardo Vaz Tê MF, FW 1 0 0
80%
46 Rio Ferdinand DF 35 2 1
80%
36 Robbie Keane FW 36 15 3
80%
337 Robin van Persie FW 15 7 2
80%
111 Ryan Giggs MF, FW 31 3 4
80%
180 Sami Hyypiä DF 27 1 1
80%
296 Scott Parker MF 18 1 0
80%
112 Sol Campbell DF, FW 31 1 0
80%
393 Stephen Carr DF 10 0 0
80%
10 Stephen Kelly DF 38 0 0
80%
67 Steven Gerrard MF 34 11 8
80%
117 Aaron Hughes DF 30 0 0
60%
267 Adam Johnson MF 19 1 0
60%
69 Alan Smith MF, FW 33 0 1
60%
94 Alexander Hleb MF 31 2 6
60%
395 Alexandre Song DF, MF 9 0 0
60%
150 Álvaro Arbeloa DF 28 0 1
60%
450 Andrew Davies DF 4 0 0
60%
130 Andrew Johnson FW 29 6 4
60%
451 Andy Carroll FW 4 0 1
60%
95 Antonio Valencia DF, MF 31 3 2
60%
236 Antti Niemi GK 22 0 0
60%
460 Armand Traoré DF, MF 3 0 1
60%
13 Ashley Young DF, FW 37 9 14
60%
131 Bacary Sagna DF 29 1 4
60%
27 Benjani FW 36 15 1
60%
96 Benni McCarthy FW 31 8 0
60%
1 Brad Friedel GK 38 0 0
60%
326 Brede Hangeland DF 15 0 0
60%
70 Brett Emerton DF, MF 33 1 1
60%
50 Carlos Tevez MF, FW 34 14 6
60%
14 Chris Kirkland GK 37 0 0
60%
272 Claude Davis DF 19 0 0
60%
28 Clint Dempsey MF, FW 36 6 1
60%
487 Collins John FW 2 0 0
60%
373 Curtis Davies DF 12 1 0
60%
302 Damien Johnson MF 17 0 0
60%
29 Danny Collins DF 36 1 1
60%
73 Danny Murphy MF 33 5 1
60%
151 Daryl Murphy MF, FW 28 4 3
60%
99 David Dunn MF 31 1 3
60%
344 David Murphy DF 14 1 2
60%
152 Didier Zokora MF 28 0 0
60%
86 Dirk Kuyt DF, MF, FW 32 3 4
60%
466 Djimi Traoré DF 3 0 0
60%
262 Dwight Yorke MF, FW 20 1 0
60%
429 Eddie Johnson FW 6 0 0
60%
303 Eduardo da Silva FW 17 4 3
60%
55 El Hadji Diouf MF, FW 34 4 6
60%
31 Emmanuel Adebayor FW 36 24 4
60%
223 Emmanuel Eboué DF, MF 23 0 2
60%
316 Fábio Aurélio DF, MF 16 1 1
60%
250 Florent Malouda MF, FW 21 2 0
60%
17 Gabriel Agbonlahor MF, FW 37 11 4
60%
346 Gary Cahill DF 14 0 0
60%
347 Gary Speed MF 14 1 0
60%
172 Geremi DF, MF 27 2 7
60%
225 Gilberto Silva DF, MF 23 1 2
60%
102 Glen Johnson DF 31 1 4
60%
469 James Collins DF 3 0 0
60%
187 Jason Roberts FW 26 3 5
60%
201 Javier Mascherano DF, MF 25 1 1
60%
421 Jens Lehmann GK 7 0 0
60%
104 Jermain Defoe FW 31 12 2
60%
157 John O'Shea DF, MF 28 0 1
60%
121 Joseph Yobo DF 30 1 2
60%
159 Jussi Jääskeläinen GK 28 0 1
60%
90 Kevin Davies FW 32 3 4
60%
306 Kieran Richardson DF, MF 17 3 2
60%
496 Kieron Dyer MF 2 0 0
60%
277 Lassana Diarra MF 19 1 0
60%
454 Laurent Robert MF, FW 4 0 0
60%
455 Ledley King DF, MF 4 0 0
60%
160 Leon Osman MF 28 4 1
60%
308 Louis Saha FW 17 5 0
60%
175 Luís Boa Morte MF, FW 27 0 2
60%
473 Łukasz Fabiański GK 3 0 0
60%
44 Luke Young DF 35 1 1
60%
107 Mark Noble MF 31 3 3
60%
190 Mark Viduka FW 26 7 1
60%
335 Marlon King FW 15 1 0
60%
7 Martin Laursen DF 38 6 2
60%
63 Martin Petrov MF, FW 34 5 8
60%
353 Martin Škrtel DF 14 0 0
60%
202 Micah Richards DF 25 0 0
60%
161 Michael Ball DF 28 0 0
60%
291 Michael Ballack MF 18 7 0
60%
108 Michael Brown MF 31 0 0
60%
177 Michael Essien DF, MF 27 6 3
60%
232 Michael Johnson MF 23 2 2
60%
475 Michael Johnson DF 3 0 0
60%
376 Mido FW 12 2 0
60%
476 Mikaël Silvestre DF 3 0 0
60%
162 Mikel Arteta MF 28 1 5
60%
178 Nicklas Bendtner FW 27 5 3
60%
45 Nicky Butt DF, MF 35 3 1
60%
110 Obafemi Martins FW 31 9 2
60%
379 Park Ji-sung MF 12 1 1
60%
80 Patrice Evra DF 33 0 1
60%
293 Paulo Ferreira DF 18 0 1
60%
204 Paul Robinson GK 25 0 0
60%
194 Petr Čech GK 26 0 0
60%
309 Philippe Senderos DF 17 2 0
60%
21 Phil Neville DF, MF 37 2 2
60%
254 Ricardo Carvalho DF 21 1 0
60%
35 Richard Dunne DF 36 0 0
60%
368 Richard Hughes MF 13 0 0
60%
163 Robbie Savage MF 28 0 0
60%
22 Roque Santa Cruz FW 37 19 5
60%
356 Roy Carroll GK 14 0 1
60%
126 Ryan Babel MF, FW 30 4 3
60%
127 Salomon Kalou MF, FW 30 7 10
60%
47 Scott Carson GK 35 0 2
60%
529 Scott Sinclair MF, FW 1 0 0
60%
243 Sean Davis MF 22 1 2
60%
48 Sebastian Larsson MF 35 6 5
60%
181 Shaun Wright-Phillips MF, FW 27 2 4
60%
280 Shay Given GK 19 0 0
60%
23 Simon Davies MF 37 5 7
60%
82 Stephen Ireland MF 33 4 4
60%
531 Stern John FW 1 1 0
60%
218 Steve Finnan DF 24 0 2
60%
265 Steve Howard FW 20 1 3
60%
245 Steven Davis MF 22 0 0
60%
164 Steven Pienaar MF 28 2 5
60%
11 Stewart Downing MF, FW 38 9 6
60%
165 Stiliyan Petrov MF 28 1 0
60%
37 Sylvain Distin DF 36 0 1
60%
371 Tal Ben Haim DF 13 0 0
60%
298 Tim Cahill MF, FW 18 7 2
60%
38 Tim Howard GK 36 0 1
60%
39 Wes Brown DF 36 1 2
60%
128 Yossi Benayoun MF 30 4 2
60%
129 Aaron Lennon MF, FW 29 2 3
40%
246 Abdoulaye Méïté DF 21 0 0
40%
341 Alan Hutton DF 14 0 1
40%
149 Alex DF 28 2 1
40%
324 Alexey Smertin MF 15 2 1
40%
439 Andreas Isaksson GK 5 0 0
40%
167 André Ooijer DF 27 0 0
40%
268 Andrew Taylor DF, MF 19 0 1
40%
300 Andriy Shevchenko FW 17 5 1
40%
269 Andriy Voronin MF, FW 19 5 2
40%
358 Andy Reid MF 13 1 2
40%
505 Ben Foster GK 1 0 0
40%
301 Brian McBride FW 17 4 0
40%
260 Brynjar Gunnarsson MF 20 0 0
40%
385 Carlo Cudicini GK 10 0 0
40%
237 Carlos Bocanegra DF 22 1 0
40%
404 Christian Wilhelmsson MF 8 0 0
40%
72 Christopher Samba DF 33 2 0
40%
247 Claudio Pizarro FW 21 2 1
40%
405 Craig Bellamy FW 8 2 1
40%
313 Damien Duff MF, FW 16 0 0
40%
440 Daniel Agger DF 5 0 0
40%
198 Danny Guthrie MF 25 0 0
40%
489 Danny Mills DF 2 0 0
40%
170 Darren Bent FW 27 6 3
40%
98 Darren Moore DF 31 0 0
40%
119 David Healy FW 30 4 0
40%
362 Denílson MF 13 0 1
40%
132 Dietmar Hamann MF 29 0 0
40%
56 Elano MF 34 8 9
40%
154 Emile Heskey FW 28 4 2
40%
345 Emre Belözoğlu MF 14 1 4
40%
408 Erik Nevland FW 8 2 0
40%
185 Fábio Rochemback DF, MF 26 1 4
40%
510 Fitz Hall DF, FW 1 0 0
40%
2 Gaël Clichy DF 38 0 5
40%
3 George McCartney DF 38 1 4
40%
396 Gerard Piqué DF 9 0 0
40%
251 Giles Barnes MF, FW 21 1 1
40%
468 Henrique Hilário GK 3 0 0
40%
88 Hermann Hreiðarsson DF 32 3 1
40%
173 Iván Campo DF, MF 27 1 1
40%
304 Jamie O'Hara MF 17 1 0
40%
138 Jermaine Jenas MF 29 4 6
40%
188 Joe Hart GK 26 0 0
40%
226 Joey Barton MF 23 1 3
40%
330 Johan Djourou DF 15 0 0
40%
348 John Paintsil DF, MF 14 0 0
40%
158 Jonathan Woodgate DF 28 1 0
40%
331 Jonny Evans DF 15 0 0
40%
228 José Enrique DF 23 0 0
40%
229 Juliano Belletti DF, MF 23 2 1
40%
446 Justin Hoyte DF 5 0 0
40%
239 Kalifa Cissé DF, MF 22 1 1
40%
363 Kasey Keller GK 13 0 0
40%
423 Kasper Schmeichel GK 7 0 0
40%
42 Kevin Kilbane DF, MF 35 1 1
40%
78 Kevin Nolan MF 33 5 3
40%
515 Kyel Reid MF 1 0 0
40%
333 Lee Bowyer MF 15 4 2
40%
288 Lee Young-pyo DF 18 0 0
40%
240 Leighton Baines DF 22 0 1
40%
289 Lucas Leiva MF 18 0 4
40%
60 Lucas Neill DF 34 0 2
40%
334 Luke Moore FW 15 1 0
40%
61 Maik Taylor GK 34 0 0
40%
142 Manuel Almunia GK 29 0 1
40%
105 Marcus Bent FW 31 7 2
40%
6 Marcus Hahnemann GK 38 0 0
40%
106 Mario Melchiot DF 31 0 1
40%
501 Martin Olsson DF, MF 2 0 0
40%
456 Martin Taylor DF 4 0 0
40%
124 Mathieu Flamini MF 30 3 2
40%
144 Matthew Taylor DF, MF 29 4 2
40%
125 Mikael Forssell FW 30 9 3
40%
425 Mikel Alonso MF 7 0 0
40%
398 Mohamed Sissoko MF 9 1 0
40%
399 Moritz Volz DF 9 0 0
40%
34 Nigel Reo-Coker MF 36 0 3
40%
215 Nolberto Solano MF 24 4 1
40%
203 Nwankwo Kanu FW 25 4 3
40%
65 Olof Mellberg DF, MF 34 2 1
40%
93 Pascal Chimbonda DF 32 2 5
40%
321 Paul Stalteri DF, MF 16 0 1
40%
294 Pedro Mendes MF 18 0 4
40%
253 Peter Crouch FW 21 5 1
40%
66 Phil Jagielka DF, MF 34 1 3
40%
9 Robert Green GK 38 0 0
40%
242 Ryan Nelsen DF 22 0 0
40%
311 Ryan Taylor DF, MF 17 3 3
40%
24 Steed Malbranque MF 37 4 2
40%
219 Steven Reid DF, MF 24 0 0
40%
113 Steven Taylor DF 31 1 1
40%
340 Steve Sidwell MF 15 0 1
40%
458 Stuart Taylor GK 4 0 0
40%
322 Teemu Tainio MF 16 0 0
40%
205 Theo Walcott MF, FW 25 4 3
40%
299 Tomáš Rosický MF 18 6 2
40%
401 Tomasz Kuszczak GK 9 0 0
40%
166 Tom Huddlestone MF 28 3 7
40%
220 Tony Hibbert DF 24 0 1
40%
438 Ulises de la Cruz DF 6 0 1
40%
481 Valeri Bojinov FW 3 0 0
40%
49 Vedran Ćorluka DF 35 0 2
40%
182 Victor Anichebe FW 27 1 1
40%
382 Wayne Bridge DF 11 0 1
40%
114 William Gallas DF 31 4 0
40%
234 Wilson Palacios MF 23 0 1
40%
281 Xabi Alonso MF 19 2 1
40%
257 Younès Kaboul DF 21 3 1
40%
282 Aaron Mokoena DF, MF 18 0 1
20%
221 Abdoulaye Faye DF, MF 23 1 0
20%
323 Abou Diaby MF 15 1 1
20%
427 Adel Taarabt MF, FW 6 0 0
20%
380 Afonso Alves MF, FW 11 6 1
20%
312 Alan Stubbs DF 16 1 0
20%
383 Ali Al-Habsi GK 10 0 0
20%
459 Andranik Teymourian MF 3 0 0
20%
342 Andreas Granqvist DF, MF 14 0 0
20%
235 André Bikey DF, MF 22 3 0
20%
83 Andy O'Brien DF 32 0 0
20%
270 Andy Todd DF 19 1 1
20%
452 Anthony Gardner DF 4 1 0
20%
258 Anthony Stokes FW 20 1 0
20%
403 Ben Hutchinson FW 8 1 0
20%
384 Benny Feilhaber MF 10 0 0
20%
506 Benoît Assou-Ekotto DF 1 0 0
20%
259 Bobby Convey MF, FW 20 0 2
20%
359 Bobby Zamora FW 13 1 2
20%
507 Bob Malcolm DF, MF 1 0 0
20%
271 Caçapa DF, MF 19 1 0
20%
485 Caleb Folan FW 2 0 0
20%
71 Cameron Jerome FW 33 7 1
20%
360 Carlos Edwards DF, MF 13 0 0
20%
85 Charles N'Zogbia DF, FW 32 3 2
20%
283 Chris Baird DF, MF 18 0 0
20%
453 Chris Eagles MF 4 0 0
20%
386 Chris Riggott DF 10 1 0
20%
284 Claude Makélélé MF 18 0 0
20%
461 Colin Doyle GK 3 0 0
20%
238 Craig Fagan MF, FW 22 0 0
20%
222 Craig Gardner MF 23 3 0
20%
51 Craig Gordon GK 34 0 0
20%
428 Daniel Braaten MF, FW 6 1 0
20%
387 Daniël de Ridder MF, FW 10 0 1
20%
462 Daniel Sturridge MF, FW 3 1 0
20%
388 Danny Gabbidon DF 10 0 0
20%
248 Danny Higginbotham DF 21 3 0
20%
463 Danny Simpson DF 3 0 0
20%
169 Darius Vassell MF, FW 27 6 3
20%
53 Dave Kitson FW 34 10 2
20%
15 David Bentley MF 37 6 8
20%
465 David Connolly FW 3 0 0
20%
441 David Edgar DF 5 0 0
20%
327 David Nugent FW 15 0 0
20%
249 David Rozehnal DF 21 0 0
20%
100 Dean Ashton FW 31 10 0
20%
184 Dean Leacock DF, MF 26 0 2
20%
171 Dean Whitehead DF, MF 27 1 2
20%
361 Dejan Stefanović DF 13 0 0
20%
273 Denny Landzaat MF 19 3 0
20%
261 Dickson Etuhu MF 20 1 1
20%
153 Diomansy Kamara FW 28 5 1
20%
208 Eddie Lewis MF 24 0 1
20%
209 Emanuel Pogatetz DF 24 0 0
20%
315 Emanuel Villa FW 16 3 0
20%
407 Emerse Faé MF 8 0 0
20%
328 Émile Mpenza FW 15 2 0
20%
467 Emiliano Insúa DF 3 0 0
20%
199 Emmerson Boyce DF 25 0 0
20%
442 Erik Edman DF 5 0 0
20%
16 Fabrice Muamba MF 37 2 1
20%
389 Felipe Caicedo MF, FW 10 0 0
20%
317 Franck Queudrue DF 16 0 1
20%
409 Gareth Bale MF, FW 8 2 0
20%
18 Gareth Barry MF 37 9 10
20%
87 Gary McSheffrey MF, FW 32 3 3
20%
285 Gary Teale MF 18 0 1
20%
186 Gelson Fernandes MF 26 2 0
20%
75 George Boateng MF 33 1 3
20%
443 Georgios Samaras MF, FW 5 0 0
20%
275 Geovanni MF, FW 19 3 1
20%
430 Gilberto DF, MF 6 1 0
20%
103 Grant Leadbitter MF 31 2 4
20%
318 Grétar Steinsson DF 16 0 1
20%
134 Habib Beye DF 29 1 2
20%
263 Hameur Bouazza MF, FW 20 1 1
20%
390 Harry Kewell MF, FW 10 0 1
20%
57 Hayden Mullins MF 34 0 0
20%
431 Heiðar Helguson FW 6 2 0
20%
391 Henri Camara FW 10 0 1
20%
329 Hossam Ghaly MF 15 0 1
20%
319 Ibrahima Sonko DF 16 0 1
20%
58 Ívar Ingimarsson DF 34 2 1
20%
493 Jack Hobbs DF 2 0 0
20%
4 James Harper MF 38 6 1
20%
211 James McFadden MF, FW 24 6 4
20%
413 James Vaughan FW 8 1 0
20%
120 Jason Koumas MF 30 1 4
20%
174 Javier Garrido DF 27 0 1
20%
136 Jay McEveley DF 29 2 0
20%
137 Jérémie Aliadière MF, FW 29 5 6
20%
286 Jermaine Pennant MF 18 2 2
20%
305 Jimmy Bullard MF 17 2 3
20%
264 Jlloyd Samuel DF, MF 20 0 0
20%
276 Joey O'Brien DF, MF 19 0 1
20%
5 Joleon Lescott DF 38 8 1
20%
189 Jonathan Spector DF, MF 26 0 0
20%
374 Josip Skoko MF 12 0 0
20%
212 Julio Arca DF, MF 24 2 4
20%
349 Julius Aghahowa FW 14 0 1
20%
495 Kazenga LuaLua MF, FW 2 0 0
20%
434 Kelvin Etuhu MF, FW 6 1 1
20%
122 Kenny Miller FW 30 4 1
20%
32 Kevin Doyle FW 36 6 2
20%
364 Kevin-Prince Boateng MF, FW 13 0 0
20%
332 Lauren DF 15 0 0
20%
59 Lee Carsley MF 34 1 4
20%
350 Lee Dong-gook FW 14 0 0
20%
365 Leon Andreasen DF, MF 13 0 0
20%
351 Leroy Lita FW 14 1 2
20%
435 Lewis Price GK 6 0 0
20%
214 Liam Miller MF 24 1 2
20%
43 Liam Ridgewell DF 35 1 3
20%
307 Liam Rosenior DF 17 0 0
20%
424 Ľubomír Michalík DF 7 0 1
20%
375 Manuel Fernandes MF 12 0 2
20%
397 Marc Edworthy DF 9 0 0
20%
352 Marek Matějovský MF 14 1 0
20%
62 Mark Schwarzer GK 34 0 0
20%
230 Marlon Harewood FW 23 5 0
20%
517 Márton Fülöp GK 1 0 0
20%
290 Matthew Etherington MF 18 3 1
20%
278 Matt Oakley MF 19 3 0
20%
143 Matt Upson DF 29 1 0
20%
354 Mauro Zárate MF, FW 14 4 1
20%
502 Maynor Figueroa DF 2 0 0
20%
191 Mehdi Nafti MF 26 0 1
20%
79 Michael Chopra FW 33 6 0
20%
518 Mike Pollitt GK 1 0 0
20%
377 Milan Baroš FW 12 0 1
20%
519 Miles Addison DF, MF 1 0 0
20%
378 Mile Sterjovski MF, FW 12 0 1
20%
520 Mo Camara DF 1 0 0
20%
448 Mohamed Shawky MF 5 0 0
20%
457 Moustapha Salifou MF, FW 4 0 0
20%
521 Nathan Ashton DF, MF 1 0 0
20%
320 Nedum Onuoha DF 16 1 1
20%
503 Neil Danns MF 2 0 0
20%
426 Nery Castillo DF, FW 7 0 0
20%
355 Nicky Hunt DF 14 0 0
20%
33 Nicky Shorey DF, MF 36 3 9
20%
64 Niko Kranjčar MF 34 4 2
20%
292 Noé Pamarot DF 18 1 0
20%
400 Nuno Valente DF 9 0 1
20%
146 Nyron Nosworthy DF 29 0 1
20%
233 Owen Hargreaves MF 23 2 2
20%
179 Papa Bouba Diop DF, MF 27 0 3
20%
414 Patrik Berger MF 8 0 1
20%
81 Paul Konchesky DF, FW 33 0 1
20%
252 Paul McShane DF 21 0 0
20%
20 Paul Scharner DF, MF 37 4 1
20%
367 Radek Černý GK 13 0 1
20%
436 Rade Prica FW 6 1 0
20%
295 Radhi Jaïdi DF 18 0 0
20%
336 Rafael Schmitz DF 15 0 1
20%
195 Ricardo Gardner DF, MF 26 0 0
20%
525 Richard Kingson GK 1 0 0
20%
241 Robert Earnshaw FW 22 1 0
20%
369 Robert Huth DF 13 1 0
20%
279 Rolando Bianchi FW 19 4 1
20%
255 Ross Wallace MF, FW 21 2 2
20%
310 Roy O'Donovan MF, FW 17 0 0
20%
415 Salomon Olembé MF 8 0 0
20%
530 Seb Hines DF, MF 1 0 0
20%
338 Seol Ki-hyeon MF, FW 15 0 1
20%
147 Shane Long FW 29 3 2
20%
392 Shefki Kuqi FW 10 0 1
20%
437 Shola Ameobi FW 6 0 0
20%
504 Stefan Wessels GK 2 0 0
20%
339 Stelios Giannakopoulos MF, FW 15 2 0
20%
297 Stephen Bywater GK 18 0 0
20%
25 Stephen Hunt MF, FW 37 5 4
20%
217 Stephen Pearson MF 24 0 0
20%
26 Stephen Warnock DF 37 1 3
20%
256 Steve Harper GK 21 0 0
20%
370 Stuart Parnaby DF 13 0 0
20%
148 Sulley Muntari MF 29 4 3
20%
357 Sun Jihai DF 14 0 0
20%
416 Thomas Gravesen MF 8 0 1
20%
266 Tugay Kerimoğlu MF 20 2 0
20%
68 Tuncay Şanlı MF, FW 34 8 2
20%
206 Tyrone Mears DF 25 1 1
20%
482 Wayne Routledge MF, FW 3 0 0
20%
12 Wilfred Bouma DF 38 1 1
20%
115 Yakubu Aiyegbeni FW 31 15 2
20%
372 Zurab Khizanishvili DF 13 0 0
20%
325 Andy Griffin DF 15 0 0
0%
118 Antoine Sibierski MF, FW 30 4 0
0%
402 Arnold Mvuemba MF, FW 8 0 0
0%
483 Borja Oubiña MF 2 0 0
0%
484 Bruno Berner DF, MF 2 0 0
0%
486 Chris Gunter DF, MF 2 0 0
0%
488 Damien Plessis MF 2 0 0
0%
464 Darren Ward GK 3 0 0
0%
490 David Cotterill MF, FW 2 0 0
0%
54 David Wheater DF 34 3 0
0%
406 Elliot Omozusi DF 8 0 0
0%
509 Erik Hagen DF 1 0 0
0%
512 Franck Songo'o MF, FW 1 0 0
0%
418 Freddie Sears MF, FW 7 1 0
0%
224 Garry O'Connor FW 23 2 0
0%
155 Gary O'Neil MF 28 0 3
0%
101 Gavin McCann MF 31 1 0
0%
419 Gérald Cid DF 7 0 0
0%
491 Glen Little MF 2 0 0
0%
156 Graeme Murty DF 28 0 0
0%
410 Greg Halford DF, FW 8 0 0
0%
420 Grzegorz Rasiak FW 7 0 0
0%
411 Ian Harte DF 8 0 0
0%
513 Ian Pearce DF 1 0 0
0%
412 Isaiah Osbourne MF 8 0 0
0%
492 Jack Collison MF 2 0 0
0%
494 Jack Rodwell DF, MF 2 0 0
0%
432 James Tomkins DF, MF 6 0 0
0%
470 Jamie Ashdown GK 3 0 0
0%
444 Jimmy Kébé MF 5 0 0
0%
433 Johann Vogel MF 6 0 0
0%
514 John Halls DF, MF 1 0 0
0%
287 John Oster MF 18 0 2
0%
141 John Utaka MF, FW 29 5 3
0%
445 Jonathan Grounds DF 5 0 0
0%
471 Jon Macken FW 3 0 0
0%
422 Julien Faubert DF, FW 7 0 0
0%
497 Lamine Diatta DF 2 0 0
0%
213 Lee Cattermole MF 24 1 0
0%
498 Lewin Nyatanga DF 2 1 0
0%
472 Lucien Aubey DF 3 0 0
0%
499 Maceo Rigters FW 2 0 0
0%
516 Mark Randall MF 1 0 0
0%
500 Martin Cranie DF 2 0 0
0%
474 Martyn Waghorn MF, FW 3 0 0
0%
447 Mat Sadler DF 5 0 0
0%
231 Matt Derbyshire FW 23 3 1
0%
366 Michael Duberry DF 13 0 0
0%
193 Olivier Kapo MF, FW 26 5 0
0%
522 Paris Simmons FW 1 0 0
0%
477 Peter Ramage DF 3 0 1
0%
381 Phil Bardsley DF 11 0 0
0%
523 Philippe Christanval DF 1 0 0
0%
449 Ricardo Rocha DF 5 0 0
0%
478 Ross Turnbull GK 3 0 0
0%
527 Sam Williamson DF, MF 1 0 0
0%
528 Scott Golbourne DF, MF 1 0 0
0%
244 Shaun Maloney MF, FW 22 4 1
0%
394 Tamir Cohen MF 10 1 0
0%
196 Titus Bramble DF 26 2 1
0%
479 Tom Craddock FW 3 0 0
0%
532 Tony McMahon DF, MF 1 0 0
0%
480 Tony Warner GK 3 0 0
0%
116 Zat Knight DF 31 1 1
0%
No matching quizzes found
Score Distribution
Percent of People with Each Score
Percentile by Number Answered
Your Score History
You have not taken this quiz